000 00241nam a2200097Ia 4500
008 190216s9999||||xx |||||||||||||| ||und||
100 _aNull
245 0 _aCultivation Of Onion And Garlic In India
260 _bAgricultural Research
942 _cBK
999 _c1920
_d1920